MARC

LEADER 00000nam a2200000 a 4500
005 20120919133510.0
007 cr|||| ||||
008 050202s2004 sp |||||| 000 ||spa|c
017 |a DL M. 49024-2004 
020 |a 8473512308 
035 |a 6060 
040 |a vLex 
090 |c 3450  |d 3450 
100 1 |a Galǹ Galǹ, Alfredo 
245 1 3 |a El Reglamento orgǹico local  |h [Recurso electrn̤ico] /  |c Alfredo Galǹ Galǹ 
256 |a Servicio en ln̕ea 
260 |a Madrid :  |b Instituto Nacional del Administracin̤ Pb︢lica,  |c 2004 
300 |a 1 recurso electrn̤ico 
490 1 |a Estudios 
500 |a III Premio Fermn̕ Abella y Blave 2003 
504 |a Notas. Bibliografa̕ p. 181-183 
506 1 |a Contenido solo disponible en los productos indicados  |d vLex Global   |d vLex Global (Academic Edition, excluding Law Schools)   |d vLex Global (U.S. Academic Edition, Law Schools)   |d vLex Global (U.S. Academic Edition, excluding Law Schools)   |d vLex Global (Academic Edition, Law Schools)  
650 0 4 |a Administracin̤ local 
650 0 4 |a Administracin̤ municipal 
650 0 4 |a Ordenanzas municipales 
650 0 4 |a Reglamentos 
650 0 4 |a Administracin̤ local  |x Derecho 
650 0 4 |a Reglamentos administrativos  |z Espaą 
650 0 4 |a Ordenanzas municipales  |z Espaą 
650 0 4 |a Administracin̤ local  |x Derecho y legislacin̤ 
651 4 |a Espaą 
710 2 |a Instituto Nacional de Administracin̤ Pb︢lica (Espaą) 
740 0 |a vLex Libros (Servicio en ln̕ea) 
830 0 |a Estudios (Instituto Nacional de Administracin̤ Pb︢lica (Espaą)) 
856 4 0 |u http://vlex.com/source/reglamento-organico-local-6060  |z Acceso restringido 
942 |c BOOK 
999 0 |a Local government 
999 0 |a Municipal government